Sobre el antiestructuralismo de José Miguel Ibañez Langlois
Guardat en:
| Autor principal: | |
|---|---|
| Format: | Llibre |
| Idioma: | espanyol |
| Publicat: |
Santiago
Camaleón
1983
|
| Matèries: | |
| Etiquetes: |
Afegir etiqueta
Sense etiquetes, Sigues el primer a etiquetar aquest registre!
|
MARC
| LEADER | 00000nam a2200000 a 4500 | ||
|---|---|---|---|
| 001 | UCX2455 | ||
| 003 | CL-VaPUC | ||
| 005 | 20231128160807.0 | ||
| 008 | 910515e19830000CL |||||||||||||||||spa|d | ||
| 999 | |c 223471 |d 223469 | ||
| 040 | |c Pontificia Universidad Católica de Valparaíso | ||
| 082 | 0 | 4 | |a 801.95 |b LIH |2 21 |
| 100 | |a Lihn Carrasco, Enrique |e autor |9 310552 | ||
| 245 | 1 | 0 | |a Sobre el antiestructuralismo de José Miguel Ibañez Langlois |
| 260 | |a Santiago |b Camaleón |c 1983 | ||
| 300 | |a 24 p | ||
| 583 | |a last modification |c 19910515 00:00:00 |k Rodrigo Vera | ||
| 600 | |a Ibáñez Langlois, José Miguel |d 1936- |9 858014 | ||
| 650 | 0 | |a Estructuralismo |9 265696 | |
| 650 | 0 | |a Análisis literario |9 318386 | |
| 852 | |a BIBCUR | ||
| 942 | |c BK |2 ddc | ||
| 945 | |d 19910515 00:00:00 | ||
| 952 | |0 0 |1 0 |4 0 |6 801_950000000000000_LIH_1983 |7 0 |8 A |9 219275 |a BIBEDU |b BIBEDU |d 2019-11-15 |i 2880520 |o 801.95 LIH 1983 |p 2880520 |r 2019-11-15 |w 2019-11-15 |y BK |k LIT | ||